000 00960cam a2200265 4500
001 1558235
005 20090420134219.0
008 701123s1970 maua b 001 0 eng
010 _a 74100890
035 _a(OCoLC)ocm00115240
035 _a(NNC)1558235
040 _aDLC
_cDLC
_dOCL
_dZCU
050 0 _aQA611
_b.W55 1970
100 1 _aWillard, Stephen,
_d1941-
245 1 0 _aGeneral topology.
_cStephen Willard
260 _aMineola,New York,
_bDover Publications,Inc.
_c1970
300 _axii, 369 p.
_billus.
_c25 cm.
490 1 _aAddison-Wesley series in mathematics
504 _aBibliography: p. 323-344 and index
650 0 _aTopology.
942 _2lcc
_cBK
999 _c39171
_d39171